Gesamtregister zur Monattsschrift für Geschichte und Wissenschaft des Judentums 1851-1939
Պահպանված է:
| Ձևաչափ: | Գիրք |
|---|---|
| Լեզու: | գերմաներեն |
| Հրապարակվել է: |
Tubinga
J. C. B. Mohr
1966
|
| Հրատարակություն: | 1a. ed |
| Խորագրեր: | |
| Ցուցիչներ: |
Ավելացրեք ցուցիչ
Չկան պիտակներ, Եղեք առաջինը, ով նշում է այս գրառումը!
|
MARC
| LEADER | 00000cam a2200000 a 4500 | ||
|---|---|---|---|
| 001 | UCD4228 | ||
| 003 | CL-VaPUC | ||
| 008 | 160701e19660000gw |||||||||||||||||ger|d | ||
| 082 | 0 | 4 | |a 909.049 |b GES |2 21 |
| 245 | 1 | 0 | |a Gesamtregister zur Monattsschrift für Geschichte und Wissenschaft des Judentums 1851-1939 |
| 250 | |a 1a. ed | ||
| 300 | |a 250 p | ||
| 942 | |c BK | ||
| 945 | |d 20160701 20:49:00 |a dcastane | ||
| 260 | |a Tubinga |b J. C. B. Mohr |c 1966 | ||
| 650 | 0 | |a Judaísmo |9 269348 | |
| 650 | 7 | |a HISTORIA DEL JUDAISMO |2 CL-VaPUC |9 470450 | |
| 583 | |a last modification |c 20160701 20:49:00 |k Rodrigo Vera | ||
| 999 | |c 365170 |d 365168 | ||
| 952 | |0 0 |1 0 |3 erd |4 0 |6 909_049000000000000_GES_1966 |7 0 |8 A |9 478917 |a FDOHBE |b FDOHBE |e Huesbe Llanos, Marco Antonio, 1934- |i 533201K |o 909.049 GES 1966 |p 533201K |r 2024-01-30 |w 2019-11-24 |y BK |z Catalogado en:20160701 |k HBE | ||